| 000 | 01004nam a2200217 i 4500 | ||
|---|---|---|---|
| 001 | 150387 | ||
| 003 | ES-MaACL | ||
| 007 | t| | ||
| 008 | 071030s1970 sp ||||1| spa d | ||
| 110 | 2 |
_aAsociación Española para el Control de la Calidad. _91685 |
|
| 245 | 1 | 3 |
_aLa calidad como factor de desarrollo / _cestudio realizado por la Asociación Española para el Control de la Calidad y el Servicio de Productividad Industrial ; dirigido por José Luis Valero Sánchez-Pastor. |
| 260 |
_aMadrid : _b[Publicaciones de la Escuela Nacional de Administración Pública], _c1970. |
||
| 300 |
_a162 p. : _btabl., grab. ; _c22 cm. |
||
| 490 | 1 |
_aEstudios del Instituto de Desarrollo Económico ; _v11 |
|
| 650 | 1 | 4 |
_aCalidad. _910681 |
| 700 | 1 |
_aValero Sánchez-Pastor, José Luis. _9112680 |
|
| 710 | 2 |
_aServicio de Productividad Industrial (Madrid) _96581 |
|
| 830 | 0 |
_aEstudios del Instituto de Desarrollo Económico ; _v11 _9230547 |
|
| 852 |
_aES-MaACL _jE-7727 _bR.91712 |
||
| 999 |
_c150387 _d150387 |
||